Responses for show #5564 - Thursday, November 13, 2008

2008-B Teen Tournament quarterfinal game 4.

Ask Alex #2: Mustache.

Contestants

[<< previous game]

Jay Schrader, a junior from Lexington, Kentucky

Sarah Marx, a junior from Chevy Chase, Maryland

Haley Batz, a senior from Charlotte, North Carolina

[next game >>]

Jeopardy! Round responses

EEEUW...GROSS!
SPORTS TEAM HOMES
WHICH TIME ZONE?
TRANSPORTATION
ALL YOU NEED IS GOV.
(Alex: We'll name the governor. You name the state.)
YOU CAN QUOTE ME ON THAT
    $200 17
hairballs

Sarah
    $200 2
Nashville

Jay
    $200 1
Pacific

Jay
    $200 13
the bicycle

Haley
    $200 5
New Mexico

Sarah
    $200 6
Hillary Clinton

Sarah
    $400 18
snails

Sarah
    $400 3
(Jay: What is Nebrask--oh!)

Lincoln

Jay
Triple Stumper
    $400 14
Eastern

Sarah
    $400 27
a subway

Sarah
    $400 10
Florida

Jay
    $400 7
Teddy Roosevelt

Jay
    $600 20
leeches

Haley
    $600 4
Tampa (Bay)

Sarah
    $600 23
Mountain

Jay
    $600 28
Chile

Jay
    $600 11
New Jersey

Triple Stumper
    $600 15
Lizzie Borden

Haley
    $800 21
(Sarah: What is Cape May?)

Cape Cod

SarahJay
    $800 8
Phoenix

Jay
    $800 24
Central

Jay
    $800 29
a rickshaw

Jay
    $800 12
(Alex: Saw him a lot during hurricane season.)

Louisiana

Triple Stumper
    $800 16
(Haley: Who is... Ernest Hemingway?)
(Alex: No, can you think of the novel?)
(Haley: No.)
(Alex: Scarlett O'Hara saying the words--)
(Haley: Oh.)
(Alex: --in Gone with the Wind. [*] is the author, and that takes you to zero, and it takes us to our first break for these commercials.)

Margaret Mitchell

Haley
    $1000 22
(Sarah: What is Lyme disease?)

Rocky Mountain (spotted) fever

HaleySarah
    $1000 9
San Jose

Jay
    $1000 25
Eastern

Sarah
    $1000 30
a troika

Triple Stumper
    $1000 26
Texas

Triple Stumper
    $1000 19
Stephen Hawking

Sarah

Scores at the first commercial break (after clue 16):

Haley Sarah Jay
$0 $1,400 $2,600

Scores at the end of the Jeopardy! Round:

Haley Sarah Jay
$1,600 $2,600 $6,200

Double Jeopardy! Round responses

FLAGS
AN HOUR OF TV
NONFICTION
DIMENSIONS
ART
ABBREV.
    $400 26
Bern

Sarah
    $400 1
Big Brother

Sarah
    $400 4
Rosa Parks

Jay
    $400 21
(Jay: What is flat?)

one-dimensional

SarahJay
    $400 2
the Moon

Sarah
    $400 3
Animals

Sarah
    $800 27
Rwanda

Jay
    $800 16
Fringe

Jay
    $800 5
E.B. White

Sarah
    $800 22
(Sarah: What is a sphere?)
(Haley: What is a square?)

a plane

HaleySarah
Triple Stumper
    $800 10
mosaics

Sarah
    $800 9
the International Space Station

Jay
    $1200 28
the eagle

Haley
    $1200 17
Molly Ringwald

Haley
    $1,000 6
Friday Night Lights

Sarah
    $1200 23
the z-axis

Sarah
    $1200 13
Gainsborough

Jay
    $1,000 11
a nanosecond

Sarah
    $1600 29
sky blue

Sarah
    $1600 18
Supernatural

Haley
    $1600 7
Tuesdays with Morrie

Jay
    $1600 24
string theory

Haley
    $1600 14
a relief

Triple Stumper
    $1600 12
(Haley: What is the prime meridian?)

post

HaleyJay
    $2000 30
Libya

Sarah
    $2000 19
Emily Deschanel

Haley
    $2000 8
Kon-Tiki

Sarah
    $2000 25
a fractal

Sarah
    $2000 15
Rubens

Jay
    $2000 20
imaging

Haley

Scores at the end of the Double Jeopardy! Round:

Haley Sarah Jay
$8,800 $16,200 $15,000

Final Jeopardy! Round responses

WASHINGTON, D.C.
HaleyWho is Madison?
$2,000
JayWho is Hamilton?
$2,000
SarahWho is Jefferson?
$3,800
Alexander Hamilton

Final scores:

Haley Sarah Jay
$6,800 $12,400 $17,000
3rd place: $5,000 if eliminated 2nd place: $5,000 if eliminated Automatic semifinalist

Game dynamics:

Coryat scores:

Haley Sarah Jay
$9,600 $16,600 $15,000
10 R,
3 W
(including 1 DD)
23 R
(including 2 DDs),
3 W
19 R,
2 W

Combined Coryat: $41,200

The J! Archive is created by fans, for fans. The Jeopardy! game show and all elements thereof, including but not limited to copyright and trademark thereto, are the property of Jeopardy Productions, Inc. and are protected under law. This website is not affiliated with, sponsored by, or operated by Jeopardy Productions, Inc. Join the discussion at JBoard.tv.